Allergic How Our Immune System Reacts to a Chancring World (Record no. 2209)

MARC details
000 -LEADER
fixed length control field 00360nam a22001337a 4500
008 - FIXED-LENGTH DATA ELEMENTS--GENERAL INFORMATION
fixed length control field 250310b |||||||| |||| 00| 0 eng d
020 ## - INTERNATIONAL STANDARD BOOK NUMBER
ISBN 9780241638163
100 ## - MAIN ENTRY--AUTHOR
Author Macphart Theresa
245 ## - TITLE STATEMENT
Title Allergic How Our Immune System Reacts to a Chancring World
260 ## - PUBLICATION, DISTRIBUTION, ETC. (IMPRINT)
Place of publication Ireland
Name of publisher Penguin Books
Date of publication 2023
300 ## - COLLATION
Pagination vi,344p
942 ## - ADDED ENTRY ELEMENTS (KOHA)
Item type Books
050 ## - LIBRARY OF CONGRESS CALL NUMBER
Classification number RC584
Item number .M33
Holdings
Source of classification or shelving scheme Not for loan Permanent location Current location Date acquired Accession No. Full call number Barcode. Koha item type
Library of Congress Classification   Samuel Ogbemudia Main Library, University of Abuja Samuel Ogbemudia Main Library, University of Abuja 03/10/2025 2024/64071 RC584.M33 2025-0449 Books